000 00564nam a2200181Ia 4500
008 090124s9999 xx 000 0 und d
082 _b120076
100 _aमेंगजी अशोक / काकडे द.स.
245 _a आकांक्षा
250 _a1
260 _c1983
300 _a226
600 _aमेंगजी अशोक / काकडे द.स.
630 _a आकांक्षा
700 _aमेंगजी अशोक / काकडे द.स.
730 _a आकांक्षा
942 _cBOOK
999 _c166162
_d166162